Statistiken für Städte und Gemeinden im Landkreis Gießen mit Karte

Klicken Sie hier um das Quiz zu spielen!

Allgemein

  • Dieses Quiz wurde 73 mal gespielt
  • Das Durchschnittsergebnis liegt bei 11 aus 18

Antworten auf der Karte

Die Antworten werden auf der Karte rot bzw. grün angezeigt, abhängig davon wie oft sie richtig erraten wurden.
 

Antwortstatistiken

Stadt oder Gemeinde% Korrekt
Gießen
96%
Linden
78%
Grünberg
72%
Lich
72%
Lollar
70%
Buseck
66%
Wettenberg
62%
Heuchelheim
60%
Langgöns
56%
Pohlheim
56%
Reiskirchen
56%
Allendorf
52%
Hungen
52%
Staufenberg
52%
Biebertal
50%
Fernwald
50%
Laubach
50%
Rabenau
42%

Verteilung der Resultate

Perzentil nach korrekt beantworteten Fragen

Anzahl Personen mit jedem Resultat

Ihre Resultats-Entwicklung

Sie haben dieses Quiz noch nicht gespielt